Handbook for non-native speakers to accompany Essentials of psychology in action (Record no. 76)
[ view plain ]
| 000 -LEADER | |
|---|---|
| fixed length control field | 01013nam a22001937a 4500 |
| 008 - FIXED-LENGTH DATA ELEMENTS--GENERAL INFORMATION | |
| fixed length control field | 110906t xxu||||| |||| 00| 0 eng d |
| 020 ## - INTERNATIONAL STANDARD BOOK NUMBER | |
| International Standard Book Number | 0471005789 |
| 050 ## - LIBRARY OF CONGRESS CALL NUMBER | |
| Classification number | BF121.H87 (Handbook) |
| 100 ## - MAIN ENTRY--PERSONAL NAME | |
| Personal name | Brinton, Donna M. (Prepared by) |
| 245 ## - TITLE STATEMENT | |
| Title | Handbook for non-native speakers to accompany Essentials of psychology in action |
| Statement of responsibility, etc. | Donna M Brinton; Mark W Vernoy; Judith Vernoy; Karen Huffman |
| 250 ## - EDITION STATEMENT | |
| Edition statement | 3rd Ed. |
| 260 ## - PUBLICATION, DISTRIBUTION, ETC. | |
| Place of publication, distribution, etc. | New York |
| Name of publisher, distributor, etc. | Wiley, |
| Date of publication, distribution, etc. | ©1994. |
| 300 ## - PHYSICAL DESCRIPTION | |
| Extent | 141 p. ; |
| Other physical details | ill. |
| Dimensions | 28 cm. |
| 505 ## - FORMATTED CONTENTS NOTE | |
| Formatted contents note | Contents: Introducing psychology -- The Biological basis of behavior -- Sensation -- Perception -- Consciousness -- Learning -- Memory -- Thinking and intelligence -- Lifespan development I -- Lifespan development II -- Human sexuality -- Motivation and emotion -- Health psychology -- Personality -- Abnormal behavior -- Therapy -- Social behavior and cognition -- Social interactions -- Notes. |
| 700 ## - ADDED ENTRY--PERSONAL NAME | |
| Personal name | Mark W Vernoy; |
| 700 ## - ADDED ENTRY--PERSONAL NAME | |
| Personal name | Karen Huffman; |
| 700 ## - ADDED ENTRY--PERSONAL NAME | |
| Personal name | Judith Vernoy; |
| 942 ## - ADDED ENTRY ELEMENTS (KOHA) | |
| Source of classification or shelving scheme | Library of Congress Classification |
| Koha item type | Books |
| Withdrawn status | Lost status | Source of classification or shelving scheme | Damaged status | Not for loan | Home library | Current library | Shelving location | Date acquired | Total Checkouts | Full call number | Barcode | Date last seen | Price effective from | Koha item type |
|---|---|---|---|---|---|---|---|---|---|---|---|---|---|---|
| Library of Congress Classification | WISCONSIN INTERNATIONAL UNIVERSITY COLLEGE, GHANA - MAIN LIBRARY | WISCONSIN INTERNATIONAL UNIVERSITY COLLEGE, GHANA - MAIN LIBRARY | General Stacks | 06/09/2011 | BF121.H87 (Handbook) | 160/11 | 06/09/2011 | 06/09/2011 | Books |
